000 00556nam a22001817a 4500
005 20251108165902.0
008 250721s1987 xx 000 0 ara d
082 1 4 _aم/641.5/مال
100 1 _aمالوس، تس
245 1 0 _aموسوعة الطبخ الميسرة :
_bمأكولات الشرق الأوسط /
264 1 _aبيروت :
_bمكتبة لبنان،
_c1987.
300 _a367ص : مص
650 1 7 _aالطبخ
650 1 7 _aالطعام
700 1 _aعبلة، عبد الهادي
_eترجمة
942 _2ddc
_cREF
999 _c33887
_d33887